| 000 | 01924nam a2200313 a 4500 | ||
|---|---|---|---|
| 008 | 201117s2015 ||||||||||||||||| || u | ||
| 020 | _a9781782943433 | ||
| 050 | _aQC 20.8 Lev | ||
| 100 | _aWilliams, Sarah | ||
| 245 | 1 | 0 |
_aA- level year 2 Physics exam board: AQA complete revision and practice _cEdited by Emily Garrett; David Maliphant; Rachael Marshall; Sam Pilgrim; Frances Rooney; Charlotte Whiteley; Sarah Williams; Jonathan Wray |
| 260 |
_aNewcastle _bCGP _c2015 |
||
| 300 | _a174 pages: illustrations | ||
| 350 | _a37.91 | ||
| 650 | 0 | _aPHYSICS | |
| 650 | _aPHYSICS--EXAMINATIONS--STUDY GUIDES | ||
| 700 | _aWray, Jonathan | ||
| 700 | _aMarshall, Rachael | ||
| 700 | _aMaliphant, David | ||
| 700 | _aPilgrim, Sam | ||
| 700 | _aWhiteley, Charlotte | ||
| 700 | _aRooney, Frances | ||
| 700 | _aGarrett, Emily | ||
| 995 |
_aMAIN LIBRARY OPEN ACCESS _e750582 _FCBU-MAIN LIBRARY (Kitwe) _I37.91 _jQC 20.8 Lev _M2 _UAVAILABLE _WDec 8, 2020 _y750582 _ZMain Library Open Access Collection |
||
| 995 |
_aMAIN LIBRARY OPEN ACCESS _e750584 _FCBU-MAIN LIBRARY (Kitwe) _I37.91 _jQC 20.8 Lev _M4 _UAVAILABLE _WDec 8, 2020 _y750584 _ZMain Library Open Access Collection |
||
| 995 |
_aMEDICAL LIBRARY OPEN ACCESS _e905200 _FCBU-SCHOOL OF MEDICINE LIBRARY (Ndola) _I37.91 _jQC 20.8 Lev _M1 _UAVAILABLE _WNov 23, 2020 _y905200 _ZMedical Library Open Access Collection |
||
| 995 |
_aKAPASA MAKASA LIBRARY OPEN ACCESS _D17.25 _e750644 _FCBU-KAPASA MAKASA LIBRARY (Chinsali) _I37.91 _jQC 20.8 Lev _M5 _UAVAILABLE _WJan 20, 2021 _y750644 _ZKapasa Makasa Library Open Acess Collection |
||
| 995 |
_aKAPASA MAKASA LIBRARY OPEN ACCESS _D17.25 _e750645 _FCBU-KAPASA MAKASA LIBRARY (Chinsali) _I37.91 _jQC 20.8 Lev _M6 _UAVAILABLE _WJan 20, 2021 _y750645 _ZKapasa Makasa Library Open Acess Collection |
||
| 995 |
_aMAIN LIBRARY OPEN ACCESS _e750583 _FCBU-MAIN LIBRARY (Kitwe) _I37.91 _jQC 20.8 Lev _M3 _UAVAILABLE _WDec 8, 2020 _y750583 _ZMain Library Open Access Collection |
||
| 999 |
_c63648 _d63648 |
||